El niño disminuido: guía educativa y psicológica para los disminuídos orgánicamente

Bewaard in:
Bibliografische gegevens
Hoofdauteurs: Bowley, Agatha H (Auteur), Gardner, Leslie (Auteur)
Formaat: Boek
Taal:Spaans
Gepubliceerd in: Buenos Aires Médica Panamericana 1976
Onderwerpen:
Tags: Voeg label toe
Geen labels, Wees de eerste die dit record labelt!

MARC

LEADER 00000nam a2200000 a 4500
001 UCY3959
003 CL-VaPUC
008 950124e19760000AG |||||||||||||||||spa|d
082 0 4 |a 371.9  |b BOW  |2 21 
100 0 |a Bowley, Agatha H  |e author  |9 332387 
700 0 |a Gardner, Leslie  |e author  |9 332388 
245 1 3 |a El niño disminuido: guía educativa y psicológica para los disminuídos orgánicamente 
300 |a 187 p 
942 |c BK 
945 |d 19950124 00:00:00  |a rbrito 
260 |a Buenos Aires  |b Médica Panamericana  |c 1976 
650 0 |a Educación especial  |9 307486 
650 7 |a NIÑOS IMPEDIDOS FISICAMENTE  |2 CL-VaPUC  |9 308354 
650 7 |a CIEGOS  |2 CL-VaPUC  |9 309876 
650 0 |a Sordos  |9 310755 
650 0 |a Autismo  |9 307911 
583 |a last modification  |c 20170907 01:17:18  |k Rodrigo Vera 
999 |c 231980  |d 231978 
952 |0 0  |1 0  |4 0  |6 371_900000000000000_BOW_1976  |7 0  |8 P  |9 235859  |a BIBEDU  |b BIBEDU  |c BIBEDU_PB  |d 2019-11-15  |i 3053830  |o 371.9 BOW 1976  |p 3053830  |r 2024-01-25  |w 2019-11-15  |y BK  |k EDU 
952 |0 0  |1 0  |4 0  |6 371_900000000000000_BOW_1976  |7 0  |8 P  |9 235860  |a BIBEDU  |b BIBEDU  |c BIBEDU_PB  |d 2019-11-15  |i 3053849  |o 371.9 BOW 1976  |p 3053849  |r 2024-01-25  |w 2019-11-15  |y BK  |k EDU 
952 |0 0  |1 0  |4 0  |6 371_900000000000000_BOW_1976  |7 0  |8 P  |9 235861  |a BIBEDU  |b BIBEDU  |c BIBEDU_PB  |d 2019-11-15  |i 3053857  |o 371.9 BOW 1976  |p 3053857  |r 2024-01-25  |w 2019-11-15  |y BK  |k EDU 
952 |0 0  |1 0  |4 0  |6 371_900000000000000_BOW_1976  |7 0  |8 P  |9 235862  |a BIBEDU  |b BIBEDU  |c BIBEDU_PB  |d 2019-11-15  |i 3053903  |o 371.9 BOW 1976  |p 3053903  |r 2024-01-25  |w 2019-11-15  |y BK  |k EDU